[Event "29. Erfurter Schachfestival 2019 - Seni"]
[Site "Erfurt"]
[Date "2019.12.29"]
[Round "4.11"]
[White "Loose, Helmut"]
[Black "Zoll, Detlef"]
[Result "0-1"]
[WhiteElo "1809"]
[BlackElo "1926"]
[PlyCount "70"]
[EventDate "2019.12.26"]

1. e4 e6 2. d4 d5 3. Nd2 Nf6 4. e5 Nfd7 5. f4 c5 6. c3 Nc6 7. Ngf3 cxd4 8. cxd4
Qb6 9. Nb3 Bb4+ 10. Bd2 f6 11. Bc3 fxe5 12. fxe5 O-O 13. Bd3 g6 14. Qc2 Kg7 15.
O-O-O a5 16. h4 a4 17. Nbd2 Rf4 18. a3 Be7 19. h5 Nf8 20. hxg6 hxg6 21. Rh3 Bd7
22. Rdh1 Rg4 23. g3 Rc8 24. Rh6 Be8 25. R1h3 Bd7 26. Nf1 Be8 27. Ne3 Bg5 28.
Nxg5 Rxg5 29. Bb4 Nxb4 30. Qxc8 Nxd3+ 31. Kd2 Qxb2+ 32. Nc2 Qb5 33. Qc7+ Bd7
34. Qc5 Nxc5 35. dxc5 Qxc5 0-1

[Event "29. Erfurter Schachfestival 2019 - Seni"]
[Site "Erfurt"]
[Date "2019.12.29"]
[Round "4.12"]
[White "Klein, Gernot"]
[Black "Herborth, Manfred"]
[Result "1/2-1/2"]
[WhiteElo "1875"]
[BlackElo "1795"]
[PlyCount "112"]
[EventDate "2019.12.26"]

1. e4 d6 2. Nc3 e5 3. f4 exf4 4. Bc4 Be6 5. Bxe6 fxe6 6. Qh5+ g6 7. Qb5+ Nc6 8.
Qxb7 Nd4 9. Kd1 Qb8 10. Qa6 Bg7 11. Nge2 Nxe2 12. Qc6+ Kf7 13. Kxe2 Ne7 14. Qc4
c6 15. Rf1 g5 16. Qd3 d5 17. Qf3 h5 18. h4 d4 19. Nd1 Bf6 20. hxg5 Bxg5 21. Nf2
Ng6 22. Nh3 Bh6 23. d3 Kg7 24. Qxh5 e5 25. Qg4 Qc8 26. Qh5 Qd7 27. Bd2 Raf8 28.
Rf3 Qe7 29. Qg4 Qh4 30. Qd7+ Qe7 31. Qxe7+ Nxe7 32. Bb4 Rf7 33. Bxe7 Rxe7 34.
a4 Rb7 35. b3 Kf6 36. Nf2 Rg7 37. Nh3 Rxg2+ 38. Rf2 Rhg8 39. Rh1 a5 40. Rh2
Rxf2+ 41. Nxf2 Bf8 42. Rh5 Rg5 43. Rh8 Kg7 44. Rh3 Rg1 45. Rh1 Rxh1 46. Nxh1
Kg6 47. Kf3 Kg5 48. Nf2 Bd6 49. Nd1 Ba3 50. c3 dxc3 51. Nxc3 Bb2 52. Ne2 c5 53.
Ng1 Kh4 54. Ne2 Bd4 55. Nc1 Bb2 56. Ne2 Bd4 1/2-1/2

[Event "29. Erfurter Schachfestival 2019 - Seni"]
[Site "Erfurt"]
[Date "2019.12.29"]
[Round "4.13"]
[White "Lehmann, Joachim"]
[Black "Just, Gabriele"]
[Result "1/2-1/2"]
[WhiteElo "1805"]
[BlackElo "1869"]
[PlyCount "119"]
[EventDate "2019.12.26"]

1. d4 e6 2. Nc3 Bb4 3. Bf4 f5 4. a3 Bxc3+ 5. bxc3 Nf6 6. Nf3 d6 7. g3 O-O 8.
Bg2 Qe8 9. O-O Nc6 10. Nd2 e5 11. dxe5 dxe5 12. Bg5 Be6 13. e4 Rd8 14. Qe2 Qg6
15. Bxf6 Rxf6 16. exf5 Qxf5 17. Be4 Qh3 18. Bg2 Qh6 19. Ne4 Rff8 20. Rfd1 Kh8
21. Nc5 Bh3 22. Nxb7 Rde8 23. Qe4 Rf6 24. Nc5 Ref8 25. Rf1 Qh5 26. Qe3 Rh6 27.
Qe4 Bf5 28. Qh4 Qxh4 29. gxh4 Ne7 30. Ne4 Rxh4 31. f3 Rh6 32. Rab1 Rg6 33. Kh1
Nd5 34. Rbe1 Nf4 35. Ng3 Bxc2 36. Rxe5 h5 37. Rf2 Rb8 38. Re1 Bd3 39. Rd2 Ba6
40. Re4 h4 41. Rxf4 hxg3 42. hxg3 Rxg3 43. Rb4 Re8 44. Kg1 Rg6 45. Kf2 Rc6 46.
Ra4 Ree6 47. Rh4+ Kg8 48. f4 Rcd6 49. Rxd6 Rxd6 50. Ke1 Bc8 51. Rh5 Bg4 52. Rc5
Ra6 53. Rxc7 Rxa3 54. Bd5+ Kh7 55. Kd2 Bf5 56. Ke3 a5 57. Kd4 Ra1 58. Ke5 Bd3
59. Be4+ Bxe4 60. Kxe4 1/2-1/2

[Event "29. Erfurter Schachfestival 2019 - Seni"]
[Site "Erfurt"]
[Date "2019.12.29"]
[Round "4.14"]
[White "Welsch, Dieter Sen"]
[Black "Brüning, Wolfgang"]
[Result "0-1"]
[WhiteElo "1794"]
[BlackElo "1855"]
[PlyCount "56"]
[EventDate "2019.12.26"]

1. d4 e6 2. Nf3 d5 3. e3 Nf6 4. Bd3 Bd6 5. b3 O-O 6. Bb2 b6 7. Nbd2 Bb7 8. O-O
c5 9. Ne5 Nc6 10. f4 Nb4 11. Be2 Rc8 12. c3 Nc6 13. Ndf3 Ne4 14. Nxc6 Bxc6 15.
Ne5 Be8 16. Bd3 f6 17. Nf3 Qe7 18. Rc1 Bh5 19. Qe1 cxd4 20. cxd4 Bb4 21. Qh4
Bg6 22. Ba6 Rxc1 23. Rxc1 Ba3 24. Bxa3 Qxa3 25. Qe1 Qxa6 26. Rc6 Qxa2 27. b4
Qa4 28. Rxe6 Qd7 0-1

[Event "29. Erfurter Schachfestival 2019 - Seni"]
[Site "Erfurt"]
[Date "2019.12.29"]
[Round "4.15"]
[White "Jaeger, Andre"]
[Black "Wolkenstein, Eckhardt"]
[Result "1-0"]
[WhiteElo "1850"]
[BlackElo "1589"]
[PlyCount "75"]
[EventDate "2019.12.26"]

1. d4 Nf6 2. c4 g6 3. g3 Bg7 4. Bg2 O-O 5. Nc3 d6 6. Nf3 Re8 7. O-O e6 8. e4 c6
9. h3 e5 10. Be3 exd4 11. Nxd4 c5 12. Ndb5 Bf8 13. Bf4 Qb6 14. Bxd6 Na6 15.
Bxf8 Kxf8 16. Nd5 Qc6 17. Re1 Nxd5 18. exd5 Rxe1+ 19. Qxe1 Qf6 20. Qc3 Qxc3 21.
Nxc3 Nb4 22. Rd1 Bf5 23. g4 Bd7 24. a3 Nc2 25. Ne4 b6 26. Nf6 Ba4 27. Nxh7+ Kg7
28. Ng5 Re8 29. Rd2 Nd4 30. Nf3 Ne2+ 31. Kf1 Nf4 32. d6 Bb3 33. d7 Rd8 34. Ne5
f6 35. Nc6 Bxc4+ 36. Kg1 Nxg2 37. Nxd8 Nh4 38. Ne6+ 1-0

[Event "29. Erfurter Schachfestival 2019 - Seni"]
[Site "Erfurt"]
[Date "2019.12.29"]
[Round "4.16"]
[White "Kirste, Olaf"]
[Black "Etzold, Walter"]
[Result "1/2-1/2"]
[WhiteElo "1891"]
[BlackElo "2041"]
[PlyCount "64"]
[EventDate "2019.12.26"]

1. c4 Nf6 2. Nc3 g6 3. e4 d6 4. d4 Bg7 5. f3 O-O 6. Be3 Nc6 7. Qd2 e5 8. Nge2
Nh5 9. d5 Nb8 10. g4 Nf6 11. Ng3 Ne8 12. Bd3 Nd7 13. O-O-O f6 14. h4 Rf7 15.
Rdg1 Nc5 16. Bc2 a5 17. Qg2 Bd7 18. h5 g5 19. h6 Bf8 20. Rh5 c6 21. Nf5 Nc7 22.
Qd2 Be8 23. Rd1 Rd7 24. Rh2 N7a6 25. Kb1 Bg6 26. Ne2 Bxf5 27. gxf5 Kf7 28. Nc3
Ke8 29. Qg2 Qe7 30. Qh3 Kd8 31. Rhd2 Kc7 32. Qh1 Rad8 1/2-1/2

[Event "29. Erfurter Schachfestival 2019 - Seni"]
[Site "Erfurt"]
[Date "2019.12.29"]
[Round "4.17"]
[White "Werner, Bernd-Michael"]
[Black "Flockerzi, Armin"]
[Result "1-0"]
[WhiteElo "2059"]
[BlackElo "1696"]
[PlyCount "40"]
[EventDate "2019.12.26"]

1. e4 e5 2. Nf3 Nc6 3. d4 exd4 4. Nxd4 Nxd4 5. Qxd4 d6 6. Nc3 Bd7 7. Bc4 Qf6 8.
Qd3 Ne7 9. Be3 Nc6 10. f4 Nb4 11. Qd2 Nc6 12. O-O O-O-O 13. Nd5 Qh4 14. b4 a6
15. a4 Be6 16. b5 axb5 17. axb5 Ne7 18. Rfd1 Bxd5 19. Bxd5 b6 20. Bc6 Kb8 1-0

[Event "29. Erfurter Schachfestival 2019 - Seni"]
[Site "Erfurt"]
[Date "2019.12.29"]
[Round "4.18"]
[White "Teichmann, Axel"]
[Black "Albrecht, Ulrich"]
[Result "0-1"]
[WhiteElo "1716"]
[BlackElo "2061"]
[PlyCount "50"]
[EventDate "2019.12.26"]

1. d4 Nf6 2. Nf3 b5 3. e3 a6 4. Bd3 Bb7 5. a3 e6 6. Nc3 d5 7. b4 Nbd7 8. Bb2
Bd6 9. Qe2 Ne4 10. Nd2 Nxd2 11. Qxd2 f5 12. Ne2 O-O 13. h4 Nb6 14. Nf4 Qe7 15.
g3 Nc4 16. Bxc4 dxc4 17. Rg1 Bf3 18. Ne2 Rfd8 19. Qc3 c6 20. Rd1 Rd7 21. Rd2
Rda7 22. Nf4 Bd5 23. Nxd5 cxd5 24. f4 a5 25. bxa5 b4 0-1

[Event "29. Erfurter Schachfestival 2019 - Seni"]
[Site "Erfurt"]
[Date "2019.12.29"]
[Round "4.19"]
[White "Klein, Reinhard"]
[Black "Bartsch, Marius"]
[Result "1-0"]
[WhiteElo "1868"]
[BlackElo "1638"]
[PlyCount "97"]
[EventDate "2019.12.26"]

1. d4 Nf6 2. Nf3 e6 3. Bg5 d5 4. e3 c6 5. Bd3 Nbd7 6. O-O h6 7. Bf4 Be7 8. c4
O-O 9. Nc3 Re8 10. h3 b6 11. Re1 Bb7 12. Rc1 c5 13. Nb5 Rf8 14. Bc7 Qc8 15.
cxd5 exd5 16. Bh2 Qc6 17. dxc5 bxc5 18. a4 a6 19. Nbd4 Qb6 20. Nf5 Rfe8 21.
Nxe7+ Rxe7 22. Qd2 Rae8 23. a5 Qe6 24. Qc2 Ne4 25. Bxe4 Qxe4 26. Qxe4 Rxe4 27.
Nd2 Rb4 28. b3 Ne5 29. Bxe5 Rxe5 30. Rxc5 Rg5 31. Nf3 Rg6 32. Nd4 Kf8 33. Rec1
Ke8 34. R1c3 Rd6 35. g4 g5 36. Kg2 Rf6 37. Kg3 Rd6 38. h4 Kf8 39. Rc7 Ke8 40.
h5 Rf6 41. R7c5 Kd7 42. f3 Ke8 43. Kf2 Kd7 44. Ke2 Ke8 45. Kd3 Kd8 46. Rc1 Kd7
47. Kc3 Rxd4 48. Kxd4 Kd6 49. Rc7 1-0

[Event "29. Erfurter Schachfestival 2019 - Seni"]
[Site "Erfurt"]
[Date "2019.12.29"]
[Round "4.20"]
[White "Wozny, Michael"]
[Black "Reitmaier, Adolf"]
[Result "1-0"]
[WhiteElo "1906"]
[BlackElo "1550"]
[PlyCount "77"]
[EventDate "2019.12.26"]

1. c4 e5 2. Nc3 Nf6 3. d3 Bb4 4. g3 Bxc3+ 5. bxc3 O-O 6. Bg2 c6 7. e3 d6 8. Ne2
Bg4 9. O-O Qd7 10. f3 Bh3 11. e4 Bxg2 12. Kxg2 h6 13. f4 exf4 14. Nxf4 Nh7 15.
Ne2 Qg4 16. Rf4 Qh5 17. Qf1 Nd7 18. Rf5 Ng5 19. Bxg5 hxg5 20. Nf4 Qh6 21. Nh3
f6 22. Rb1 b6 23. Nf2 Ne5 24. d4 Nd7 25. Ng4 Qh5 26. h3 Qe8 27. Re1 c5 28. Qf3
Kh7 29. Qd3 g6 30. Rff1 Kg7 31. Ne3 Qe6 32. Nd5 Rac8 33. Re2 Qg8 34. Ne7 Qh7
35. Nxc8 Rh8 36. g4 Rxc8 37. e5 dxe5 38. dxe5 Kh6 39. exf6 1-0

[Event "29. Erfurter Schachfestival 2019 - Seni"]
[Site "Erfurt"]
[Date "2019.12.29"]
[Round "4.22"]
[White "Hülle, Gunter"]
[Black "Everett, Brian"]
[Result "1/2-1/2"]
[WhiteElo "1699"]
[BlackElo "1823"]
[PlyCount "35"]
[EventDate "2019.12.26"]

1. b4 c6 2. c4 a5 3. b5 cxb5 4. cxb5 d5 5. Bb2 Nf6 6. Nf3 e6 7. Qc2 Nbd7 8. d4
Be7 9. Nbd2 O-O 10. Rc1 Re8 11. Qc7 Nf8 12. e3 Bd6 13. Qxd8 Rxd8 14. Bd3 a4 15.
a3 Bd7 16. Nb1 Ne8 17. Ne5 Rdc8 18. Kd2 1/2-1/2

[Event "29. Erfurter Schachfestival 2019 - Seni"]
[Site "Erfurt"]
[Date "2019.12.29"]
[Round "4.23"]
[White "Hauke, Hans"]
[Black "Wanka, Gerd"]
[Result "1-0"]
[WhiteElo "1690"]
[BlackElo "1760"]
[PlyCount "101"]
[EventDate "2019.12.26"]

1. e4 e5 2. Nf3 d6 3. d4 Qe7 4. Be3 h6 5. Nc3 c6 6. Qd2 Nf6 7. O-O-O Bg4 8. h3
Bxf3 9. gxf3 Nbd7 10. d5 cxd5 11. Nxd5 Nxd5 12. Qxd5 Nf6 13. Bb5+ Kd8 14. Qb3
Qc7 15. Rd3 Ne8 16. Qd5 Rc8 17. Rc3 Nf6 18. Qb3 Qb8 19. Rxc8+ Qxc8 20. Bxa7 Ke7
21. Bc4 Nd7 22. Bd5 Nc5 23. Bxc5 dxc5 24. Bxb7 Qc7 25. Bd5 Kf6 26. Qb7 Qxb7 27.
Bxb7 Be7 28. Bd5 Rg8 29. Kd2 g5 30. Kd3 Rb8 31. Kc3 Kg6 32. a3 f5 33. b3 c4 34.
b4 fxe4 35. fxe4 Rf8 36. Rh2 Rf3+ 37. Kb2 c3+ 38. Kb3 Bd6 39. a4 Bc7 40. Kc4
Bb6 41. a5 Bd4 42. b5 Rf6 43. b6 Bxb6 44. axb6 Rxb6 45. Kxc3 Rf6 46. Kd3 h5 47.
Ke3 Ra6 48. f3 Ra3+ 49. Bb3 h4 50. Rd2 Ra5 51. Rd5 1-0

[Event "29. Erfurter Schachfestival 2019 - Seni"]
[Site "Erfurt"]
[Date "2019.12.29"]
[Round "4.24"]
[White "Jackisch, Johannes"]
[Black "Bryx, Joachim"]
[Result "1/2-1/2"]
[WhiteElo "1600"]
[BlackElo "1700"]
[PlyCount "43"]
[EventDate "2019.12.26"]

1. e4 c6 2. Nf3 d5 3. exd5 cxd5 4. d4 Bg4 5. Be2 e6 6. Nc3 Nf6 7. O-O Nc6 8.
Re1 Bb4 9. a3 Ba5 10. Ne5 Bxe2 11. Rxe2 Bxc3 12. Nxc6 bxc6 13. bxc3 Ne4 14. Qd3
O-O 15. f3 Nd6 16. Re5 Qd7 17. Rh5 g6 18. Rh3 f5 19. Bf4 Rae8 20. Re1 Nf7 21.
Qe3 Qe7 22. Bh6 1/2-1/2

[Event "29. Erfurter Schachfestival 2019 - Seni"]
[Site "Erfurt"]
[Date "2019.12.29"]
[Round "4.25"]
[White "Kolling, Peter Josef"]
[Black "Helm, Helga"]
[Result "1-0"]
[WhiteElo "1658"]
[BlackElo "1555"]
[PlyCount "83"]
[EventDate "2019.12.26"]

1. d4 d5 2. e4 dxe4 3. Nc3 Nf6 4. f3 exf3 5. Nxf3 Bg4 6. h3 Bxf3 7. Qxf3 c6 8.
Be3 e6 9. Bd3 Bb4 10. O-O Bxc3 11. bxc3 Qd5 12. Qg3 Nbd7 13. c4 Qa5 14. Rab1
O-O-O 15. Qf2 Nb6 16. Bd2 Qxa2 17. Ra1 Qb2 18. c3 Nxc4 19. Bxc4 Ne4 20. Qxf7
Nxd2 21. Bxe6+ Kb8 22. Qf4+ Ka8 23. Ra2 Qxa2 24. Bxa2 Nxf1 25. Qxf1 Rhf8 26.
Qc1 Rd6 27. Bb1 Rdf6 28. Bxh7 Rf1+ 29. Qxf1 Rxf1+ 30. Kxf1 Kb8 31. Ke2 Kc7 32.
Kd3 a5 33. c4 b5 34. cxb5 cxb5 35. d5 Kd6 36. Be4 Kc5 37. Kc3 a4 38. Kb2 b4 39.
Bf3 Kc4 40. d6 a3+ 41. Ka2 Kc3 42. Bd5 1-0

[Event "29. Erfurter Schachfestival 2019 - Seni"]
[Site "Erfurt"]
[Date "2019.12.29"]
[Round "4.26"]
[White "Grüneschild, Hildegard"]
[Black "Bangert, Ruediger"]
[Result "0-1"]
[WhiteElo "1268"]
[BlackElo "1524"]
[PlyCount "96"]
[EventDate "2019.12.26"]

1. c4 Nf6 2. Nc3 g6 3. g3 Bg7 4. Bg2 O-O 5. Nf3 d6 6. O-O a6 7. e3 Be6 8. d4
Bxc4 9. Re1 Be6 10. e4 c6 11. h3 Qd7 12. Kh2 Qc7 13. Bf4 Nh5 14. Be3 Nf6 15.
Ng5 Bc8 16. f4 e5 17. f5 gxf5 18. exf5 Bxf5 19. g4 Bg6 20. dxe5 dxe5 21. h4 Rd8
22. Qe2 h6 23. Nf3 Bd3 24. Qf2 Nxg4+ 25. Kh1 Nxf2+ 26. Bxf2 Re8 27. Bg3 Qa5 28.
a3 Nd7 29. Bh3 Re7 30. Re3 Bh7 31. Be1 Qb6 32. Bf2 Qxb2 33. Rae1 Qxf2 34. R1e2
Qg3 35. Rg2 Qxh3+ 36. Rh2 Qf1+ 37. Ng1 Rae8 38. Rf3 Qa1 39. Rhf2 e4 40. Rg3 e3
41. Rfg2 Qxc3 42. Rxg7+ Qxg7 43. Rxg7+ Kxg7 44. Kg2 e2 45. Nh3 e1=Q 46. Nf4
Be4+ 47. Kh3 Qf1+ 48. Kg4 Qf3# 0-1

[Event "29. Erfurter Schachfestival 2019 - Seni"]
[Site "Erfurt"]
[Date "2019.12.30"]
[Round "5.1"]
[White "Pfitzer, Norbert"]
[Black "Pähtz, Thomas"]
[Result "1/2-1/2"]
[WhiteElo "2028"]
[BlackElo "2348"]
[Annotator "Ruether,Rudolf"]
[PlyCount "66"]
[EventDate "2019.12.26"]

1. Nf3 Nf6 2. d4 c5 3. c3 b6 4. g3 Bb7 5. Bg2 e6 6. O-O Be7 7. Nbd2 O-O 8. Re1
d5 9. Ne5 Nbd7 10. Ndf3 Nxe5 11. Nxe5 Qc7 12. Bf4 Bd6 13. Nd3 Ne4 14. f3 Bxf4
15. Nxf4 Nd6 16. e3 Rfe8 17. Nd3 a5 18. f4 f6 19. Rc1 Rad8 20. Nf2 Nf7 21. Bf1
e5 22. Bd3 Nd6 23. Qh5 e4 24. Bf1 c4 25. g4 b5 26. g5 f5 27. Rb1 Bc6 28. Rbc1
Re6 29. h4 Rb8 30. Qe2 Be8 31. Bh3 Qf7 32. Nh1 Re7 33. Ng3 Reb7 {Rest
unleserlich} 1/2-1/2

[Event "29. Erfurter Schachfestival 2019 - Seni"]
[Site "Erfurt"]
[Date "2019.12.30"]
[Round "5.2"]
[White "Weidlich, Günter"]
[Black "Brettschneider, Karl"]
[Result "1-0"]
[WhiteElo "2167"]
[BlackElo "2019"]
[PlyCount "133"]
[EventDate "2019.12.26"]

1. d4 f5 2. Nf3 Nf6 3. c4 e6 4. g3 d5 5. Bg2 Be7 6. O-O O-O 7. b3 c6 8. Ba3 Ne4
9. Bxe7 Qxe7 10. Qc2 Nd7 11. Nbd2 Ndf6 12. Ne5 Nxd2 13. Qxd2 Bd7 14. c5 Be8 15.
b4 a6 16. a4 Nd7 17. Nxd7 Bxd7 18. f4 Rfb8 19. Rfc1 h6 20. e3 Qe8 21. Bf3 g6
22. Be2 Kg7 23. Bd3 h5 24. Rcb1 Kf7 25. Kf2 Qd8 26. Kg2 Qh8 27. b5 axb5 28.
axb5 Rxa1 29. Rxa1 Ra8 30. Ra5 Qd8 31. b6 Rb8 32. Ra7 Qc8 33. Kf1 Kf6 34. Qg2
Ra8 35. Qa2 Rb8 36. Qg2 Ra8 37. Rxa8 Qxa8 38. Qh3 Kf7 39. Qh4 Qe8 40. Kf2 Qe7
41. Qh3 Qd8 42. Be2 Kg7 43. Qf1 Qa8 44. Qe1 Kf6 45. h3 Kg7 46. Qg1 Kf7 47. g4
hxg4 48. hxg4 fxg4 49. Qxg4 Qh8 50. Ke1 Qd8 51. Kd2 e5 52. Qg5 Qxg5 53. fxg5 e4
54. Ba6 Bc8 55. Bf1 Bg4 56. Ke1 Ke7 57. Kf2 Kd7 58. Kg3 Bf5 59. Kf4 Ke7 60. Ke5
Bc8 61. Be2 Bd7 62. Bd1 Bc8 63. Ba4 Bd7 64. Bb3 Be6 65. Ba2 Bd7 66. Bxd5 cxd5
67. Kxd5 1-0

[Event "29. Erfurter Schachfestival 2019 - Seni"]
[Site "Erfurt"]
[Date "2019.12.30"]
[Round "5.3"]
[White "Schmidt, Matthias"]
[Black "Stahr, Ralf-Peter"]
[Result "0-1"]
[WhiteElo "1987"]
[BlackElo "2158"]
[PlyCount "88"]
[EventDate "2019.12.26"]

1. e4 c5 2. b3 Nc6 3. Bb2 Nf6 4. Nc3 d5 5. exd5 Nxd5 6. Nxd5 Qxd5 7. Qf3 Qd6 8.
Bb5 Bd7 9. Ne2 a6 10. Bc4 e6 11. Qg3 e5 12. Nc3 Nd4 13. Ne4 Qe7 14. Bxd4 exd4
15. O-O h6 16. Rfe1 O-O-O 17. Nc3 Qg5 18. Qxg5 hxg5 19. Ne4 f6 20. Bd3 Bc6 21.
h3 Re8 22. Ng3 Rxe1+ 23. Rxe1 Kd8 24. Bg6 Rh6 25. Be4 Bxe4 26. Rxe4 Kd7 27. c3
dxc3 28. dxc3 g6 29. Kf1 Bd6 30. Ke2 f5 31. Ra4 Kc6 32. a3 Rh8 33. b4 c4 34.
Ra5 Ra8 35. Nxf5 gxf5 36. Rxf5 Re8+ 37. Kf3 Re5 38. Rf6 Rd5 39. Ke4 Rd3 40. Rg6
Rxc3 41. Kd4 Rc2 42. Rxg5 b5 43. Rf5 Rd2+ 44. Kc3 Rd3+ 0-1

[Event "29. Erfurter Schachfestival 2019 - Seni"]
[Site "Erfurt"]
[Date "2019.12.30"]
[Round "5.4"]
[White "Streit, Jürgen"]
[Black "Muuss, Klaus"]
[Result "0-1"]
[WhiteElo "1845"]
[BlackElo "2064"]
[PlyCount "76"]
[EventDate "2019.12.26"]

1. e4 c5 2. Nf3 d6 3. d4 cxd4 4. Qxd4 Nc6 5. Bb5 Bd7 6. Bxc6 Bxc6 7. Nc3 Nf6 8.
Bg5 e6 9. O-O-O Be7 10. Rhe1 Qc7 11. Qd3 Rd8 12. Nd4 a6 13. f4 O-O 14. Kb1 h6
15. Bxf6 Bxf6 16. Nde2 b5 17. Ng3 b4 18. Nce2 Bb5 19. Qe3 Rc8 20. Rd2 Bxe2 21.
Nxe2 a5 22. Nd4 Qc5 23. Nb3 Qc7 24. Qd3 Rfd8 25. Qb5 Ra8 26. Red1 a4 27. Nd4 b3
28. Nc6 Rac8 29. Nb4 bxa2+ 30. Ka1 a3 31. Kxa2 axb2 32. Kb1 Ra8 33. e5 Qa7 34.
Na6 Rdb8 35. Qa4 Qxa6 36. Qxa6 Rxa6 37. c3 dxe5 38. fxe5 Ra1+ 0-1

[Event "29. Erfurter Schachfestival 2019 - Seni"]
[Site "Erfurt"]
[Date "2019.12.30"]
[Round "5.5"]
[White "Svanholm, Borge Waaktaar"]
[Black "Hüttemann, Karl-Heinz"]
[Result "1/2-1/2"]
[WhiteElo "1727"]
[BlackElo "2043"]
[PlyCount "46"]
[EventDate "2019.12.26"]

1. c4 e6 2. d4 d5 3. Nf3 Nf6 4. Bg5 Nbd7 5. e3 Bb4+ 6. Nc3 c5 7. a3 Bxc3+ 8.
bxc3 Qa5 9. Bxf6 Qxc3+ 10. Nd2 Nxf6 11. dxc5 Ne4 12. Ra2 Qa5 13. Qb3 Nxc5 14.
Qc2 O-O 15. cxd5 Rd8 16. Be2 exd5 17. O-O Be6 18. Raa1 Rac8 19. Qb2 Qc7 20. Nf3
Na4 21. Qb4 Nb6 22. Nd4 Nc4 23. Rfc1 a6 1/2-1/2

[Event "29. Erfurter Schachfestival 2019 - Seni"]
[Site "Erfurt"]
[Date "2019.12.30"]
[Round "5.6"]
[White "Zoll, Detlef"]
[Black "Wünsch, Ulrich"]
[Result "1/2-1/2"]
[WhiteElo "1926"]
[BlackElo "2050"]
[PlyCount "37"]
[EventDate "2019.12.26"]

1. d4 Nf6 2. c4 e6 3. Nc3 Bb4 4. Qc2 b6 5. Bg5 h6 6. Bh4 Bb7 7. f3 d5 8. e3 O-O
9. Bd3 Nc6 10. a3 Be7 11. Nge2 Re8 12. O-O dxc4 13. Bxf6 cxd3 14. Bxe7 Nxe7 15.
Qxd3 c5 16. Rfd1 cxd4 17. Nxd4 a6 18. Nde2 Qc7 19. Qd7 1/2-1/2

[Event "29. Erfurter Schachfestival 2019 - Seni"]
[Site "Erfurt"]
[Date "2019.12.30"]
[Round "5.7"]
[White "Etzold, Walter"]
[Black "Jaeger, Andre"]
[Result "1/2-1/2"]
[WhiteElo "2041"]
[BlackElo "1850"]
[PlyCount "24"]
[EventDate "2019.12.26"]

1. d4 Nf6 2. Nf3 g6 3. c4 d6 4. Nc3 Bf5 5. g3 Ne4 6. Nxe4 Bxe4 7. Bg2 Bg7 8.
O-O O-O 9. Be3 c5 10. Qd2 Qb6 11. Rad1 Nc6 12. d5 Nb8 1/2-1/2

[Event "29. Erfurter Schachfestival 2019 - Seni"]
[Site "Erfurt"]
[Date "2019.12.30"]
[Round "5.8"]
[White "Hadlich, Gerald"]
[Black "Kröncke, Manfred"]
[Result "1/2-1/2"]
[WhiteElo "1868"]
[BlackElo "2034"]
[PlyCount "84"]
[EventDate "2019.12.26"]

1. e4 c5 2. Nf3 e6 3. c3 d5 4. exd5 Qxd5 5. d4 Nf6 6. Be2 Be7 7. O-O O-O 8. Be3
cxd4 9. cxd4 Nc6 10. Nc3 Qd6 11. h3 a6 12. a3 b5 13. b4 Bb7 14. Qb3 Rac8 15.
Rfd1 Nb8 16. Rac1 Nbd7 17. Ne1 Nb6 18. Nd3 Nbd5 19. Nc5 Nxc3 20. Rxc3 Ba8 21.
Rcc1 Rfd8 22. Bg5 Nd5 23. Bxe7 Nxe7 24. Bf3 Nd5 25. Bxd5 Bxd5 26. Qe3 Rc7 27.
Qe5 h6 28. Qxd6 Rxd6 29. f3 Ra7 30. Ne4 Rd8 31. Rc5 Bc4 32. Kf2 a5 33. Nc3 axb4
34. axb4 Rb8 35. d5 exd5 36. Nxd5 Ra2+ 37. Kg3 Rb2 38. Ne7+ Kh7 39. Nc6 Re8 40.
Ne5 Rxb4 41. Nxc4 bxc4 42. Rd2 Re7 1/2-1/2

[Event "29. Erfurter Schachfestival 2019 - Seni"]
[Site "Erfurt"]
[Date "2019.12.30"]
[Round "5.9"]
[White "Brüning, Wolfgang"]
[Black "Vogel, Alfred"]
[Result "0-1"]
[WhiteElo "1855"]
[BlackElo "1966"]
[PlyCount "66"]
[EventDate "2019.12.26"]

1. Nf3 Nf6 2. d4 d5 3. e3 Bf5 4. c4 e6 5. Nc3 c6 6. Be2 Bd6 7. O-O Nbd7 8. Re1
h6 9. a3 O-O 10. Bd3 Bxd3 11. Qxd3 Re8 12. Bd2 dxc4 13. Qxc4 e5 14. e4 exd4 15.
Nxd4 Nb6 16. Qe2 Bxh2+ 17. Kxh2 Qxd4 18. Rad1 Qe5+ 19. f4 Qe6 20. f5 Qe5+ 21.
g3 h5 22. Bf4 Qc5 23. Kh3 Rad8 24. Rxd8 Rxd8 25. Bg5 Nbd7 26. Qd3 Re8 27. b4
Qf2 28. Qe2 Ng4 29. Qxf2 Nxf2+ 30. Kh4 g6 31. fxg6 fxg6 32. Re2 Ng4 33. Rd2
Nde5 0-1

[Event "29. Erfurter Schachfestival 2019 - Seni"]
[Site "Erfurt"]
[Date "2019.12.30"]
[Round "5.10"]
[White "Albrecht, Ulrich"]
[Black "Lehmann, Manfred"]
[Result "1/2-1/2"]
[WhiteElo "2061"]
[BlackElo "1841"]
[PlyCount "47"]
[EventDate "2019.12.26"]

1. d4 d5 2. c4 e6 3. Nc3 Nf6 4. Bg5 Be7 5. e3 Nbd7 6. Nf3 O-O 7. Qc2 b6 8. cxd5
exd5 9. Bd3 Bb7 10. O-O h6 11. Bh4 c5 12. dxc5 bxc5 13. Rfd1 Nb6 14. Rac1 Ne8
15. Bxe7 Qxe7 16. Ne2 Rc8 17. Bf5 Rc7 18. Ng3 Nd6 19. b4 c4 20. a3 Bc8 21. Bxc8
Rfxc8 22. Nd4 g6 23. h3 a6 24. Nde2 1/2-1/2

[Event "29. Erfurter Schachfestival 2019 - Seni"]
[Site "Erfurt"]
[Date "2019.12.30"]
[Round "5.11"]
[White "Bodemer, Wolfgang"]
[Black "Werner, Bernd-Michael"]
[Result "0-1"]
[WhiteElo "1850"]
[BlackElo "2059"]
[PlyCount "114"]
[EventDate "2019.12.26"]

1. d4 Nf6 2. c4 g6 3. g3 Bg7 4. Nf3 d6 5. Bg2 O-O 6. O-O c6 7. Nc3 a6 8. h3 Qc7
9. e4 e5 10. Be3 Nbd7 11. Rc1 Re8 12. Qc2 Rb8 13. Rfe1 b6 14. b4 Bb7 15. dxe5
dxe5 16. c5 b5 17. Rcd1 Rbd8 18. Rd6 Bf8 19. Rd2 Be7 20. Red1 a5 21. a3 Ra8 22.
Qb3 Bf8 23. Ng5 Re7 24. Rd6 h6 25. Nf3 Ree8 26. R6d2 Ra7 27. Nh4 axb4 28. axb4
Rea8 29. Ra2 Rxa2 30. Nxa2 Kg7 31. Nc3 Bc8 32. Bc1 Be7 33. Bb2 Nf8 34. Nf3 Be6
35. Qc2 N6d7 36. Ra1 Rxa1+ 37. Bxa1 Kg8 38. Bb2 Bc4 39. Bf1 Be6 40. Bg2 Nb8 41.
Nd2 Na6 42. Ba3 Qd7 43. Ne2 Bxh3 44. Nb3 Be6 45. Na5 h5 46. f3 h4 47. g4 Bg5
48. Kf2 f6 49. Bf1 Bf7 50. Nb3 Ne6 51. Bh3 Nf4 52. Nxf4 Bxf4 53. Ke2 Kg7 54.
Nc1 Qd4 55. Nd3 Bc4 56. Bf1 h3 57. Bb2 Bxd3+ 0-1

[Event "29. Erfurter Schachfestival 2019 - Seni"]
[Site "Erfurt"]
[Date "2019.12.30"]
[Round "5.12"]
[White "Klein, Gernot"]
[Black "Lehmann, Joachim"]
[Result "1/2-1/2"]
[WhiteElo "1875"]
[BlackElo "1805"]
[PlyCount "68"]
[EventDate "2019.12.26"]

1. e4 e6 2. Qe2 c5 3. Nf3 Nc6 4. g3 g6 5. Bg2 Bg7 6. c3 Nge7 7. O-O O-O 8. d3
b6 9. Re1 Bb7 10. e5 d6 11. exd6 Qxd6 12. Bf4 Qd7 13. Na3 Nd5 14. Bd2 Rad8 15.
Rad1 h6 16. Bc1 Rfe8 17. h4 e5 18. Nh2 Bc8 19. Nc2 Kh7 20. a3 f5 21. Qf1 Qc7
22. c4 Nf6 23. f4 e4 24. dxe4 Rxd1 25. Rxd1 Nxe4 26. Bxe4 Rxe4 27. Nf3 Bb7 28.
Qd3 Nd4 29. Nfxd4 Bxd4+ 30. Nxd4 Rxd4 31. Qe2 Rxd1+ 32. Qxd1 Qc6 33. Qd5 Qxd5
34. cxd5 Bxd5 1/2-1/2

[Event "29. Erfurter Schachfestival 2019 - Seni"]
[Site "Erfurt"]
[Date "2019.12.30"]
[Round "5.13"]
[White "Just, Gabriele"]
[Black "Hauke, Hans"]
[Result "1-0"]
[WhiteElo "1869"]
[BlackElo "1690"]
[PlyCount "43"]
[EventDate "2019.12.26"]

1. f4 Nf6 2. Nf3 d6 3. e3 Nc6 4. Bb5 a6 5. Bxc6+ bxc6 6. d3 e5 7. e4 exf4 8.
Bxf4 Be7 9. O-O Rb8 10. Qc1 O-O 11. Nbd2 Nh5 12. Be3 f5 13. exf5 Bxf5 14. Nd4
Bd7 15. Rxf8+ Qxf8 16. Qd1 Qf7 17. Nc4 c5 18. Nb3 Bc6 19. Qg4 Rf8 20. Re1 Bd8
21. Nbd2 Nf4 22. Rf1 1-0